000 00481cam a2200193ua 4500
001 6087
008 131119n ii |||gr||||Z||||||eng
020 _a81-7096-453-9
040 _cMAIN
082 _a657.046
245 _aAdvanced Accountancy
_cBy S.P. Jain
260 _aLudhiana:
_bKalyani Publishers,
_c1979.
300 _ax,134p.
653 _aCommerce
653 _aAdvanced Accountancy
700 _aJain,S.P.,
_eAuthor.,
700 _aNarang,K.L.,
_eAuthor.
942 _cBK
999 _c5240
_d5240